| 000 | 01106nam a22002531 4500 | ||
|---|---|---|---|
| 001 | sa 68019526 | ||
| 003 | DLC | ||
| 005 | 20260227112718.0 | ||
| 008 | 781010s1965 io d 00000 ind | ||
| 010 | _asa 68019526 //r78 | ||
| 025 | _aPL480:Indo-4781 | ||
| 041 | 0 | _aindeng | |
| 050 | 0 |
_aQE5 _b.P87 |
|
| 100 | 2 | 0 | _aPurbo Hadiwidjoyo, M. M. |
| 245 | 1 | 0 |
_aKata-kata istilah geologi dan ilmu-ilmu jang berhubungan: Inggris-Indonesia dan Indonesia-Inggris. _bEnglish-Indonesian and Indonesian-English terms of geology and related sciences, _coleh M. M. Purbo Hadiwidjojo. |
| 260 | 0 |
_a[Bandung] _bRepublik Indonesia, Direktorat Geologi; Geological Survey of Indonesia, _c1965. |
|
| 300 |
_aix, 83 p. _c24 cm. |
||
| 410 | 1 | 0 |
_aIndonesia. _bDirektorat Geologi. _tPublikasi teknik. Seri geologi chusus, _vno. 2A |
| 650 | 0 |
_aGeology _xDictionaries. |
|
| 650 | 0 |
_aEnglish language _xDictionaries _xIndonesian. |
|
| 650 | 0 |
_aGeology _xDictionaries _xIndonesian. |
|
| 650 | 0 |
_aIndonesian language _xDictionaries _xEnglish. |
|
| 740 | 1 | _aEnglish-Indonesian and Indonesian-English terms of geology, and related sciences. | |
| 999 |
_c88944 _d88944 |
||